[Event "22ème Open de Saint-Affrique"]
[Site "Saint Affrique (12)"]
[Date "2014.07.20"]
[Round "2.23"]
[White "Herry, Serwan"]
[Black "Robic, Damien"]
[Result "1/2-1/2"]
[WhiteElo "1936"]
[BlackElo "1663"]
[PlyCount "87"]
[EventDate "2014.??.??"]
[Source "Sylvain Rivier"]
[SourceDate "2014.07.26"]

1. d4 d5 2. c4 e6 3. Nf3 Be7 4. Nc3 Nf6 5. Bf4 O-O 6. e3 Nbd7 7. c5 b6 8. b4 a5
9. a3 Ba6 10. Bxa6 Rxa6 11. Qe2 Qa8 12. b5 Ra7 13. c6 Nb8 14. Nd2 Nxc6 15. bxc6
Qxc6 16. Nb5 Rb7 17. O-O Qd7 18. Rfc1 c6 19. Nc3 c5 20. dxc5 bxc5 21. Rab1 Rxb1
22. Rxb1 c4 23. Nb5 Qc6 24. Nf3 Ne4 25. Nfd4 Qc5 26. f3 Nd6 27. Qd2 Ra8 28. a4
Nxb5 29. Rxb5 Qa3 30. Rxa5 Rxa5 31. Qxa5 e5 32. Nc6 exf4 33. Nxe7+ Qxe7 34.
Qa8+ Qf8 35. Qxd5 fxe3 36. Qxc4 Qd8 37. Qc1 f6 38. Qxe3 Qd1+ 39. Kf2 Qxa4 40.
g4 Kf7 41. Kg3 Qd7 42. h4 Qd6+ 43. f4 g5 44. h5 1/2-1/2

[Event "22ème Open de Saint-Affrique"]
[Site "Saint Affrique (12)"]
[Date "2014.07.20"]
[Round "2.24"]
[White "Joyeux, Gerard"]
[Black "Husson, Cybele"]
[Result "0-1"]
[WhiteElo "1692"]
[BlackElo "1919"]
[PlyCount "122"]
[EventDate "2014.??.??"]
[Source "Sylvain Rivier"]
[SourceDate "2014.07.26"]

1. d4 g6 2. e4 Bg7 3. Bc4 c6 4. Be3 b5 5. Bb3 a5 6. a3 Na6 7. Nf3 Nc7 8. O-O
Nf6 9. Nbd2 O-O 10. h3 d6 11. c3 Rb8 12. Qc2 Be6 13. c4 bxc4 14. Bxc4 Qd7 15.
Bxe6 Nxe6 16. Rab1 Rb5 17. Rfc1 Nd8 18. a4 Rh5 19. Nf1 Bh6 20. Bxh6 Rxh6 21.
Ng3 Nh5 22. Nxh5 Rxh5 23. Qc3 c5 24. Rd1 Qxa4 25. Ra1 cxd4 26. Qd3 Qb5 27. Qxd4
Ne6 28. Qd2 Rb8 29. Rdb1 Qb4 30. Qe3 Rhb5 31. Qe2 Nc5 32. e5 Qe4 33. Qxe4 Nxe4
34. exd6 exd6 35. Re1 d5 36. b3 Rc5 37. Ne5 Rd8 38. f3 Nd2 39. Ra3 d4 40. Rd1
Nxb3 41. Nxf7 Kxf7 42. Rxb3 Rd7 43. Kf1 Ke6 44. Rd2 Ke5 45. Kf2 a4 46. Ra3 Rc4
47. g3 Kd5 48. f4 Kc5 49. Rb2 Ra7 50. Rb8 Rc3 51. Ra1 Kc4 52. Rab1 Rc2+ 53. Kf3
Kc3 54. Ke4 Re7+ 55. Kd5 d3 56. Rd1 d2 57. Rc8+ Kb2 58. Rb8+ Kc3 59. Rf1 Rd7+
60. Ke4 Rd4+ 61. Ke5 d1=Q 0-1

[Event "22ème Open de Saint-Affrique"]
[Site "Saint Affrique (12)"]
[Date "2014.07.20"]
[Round "2.25"]
[White "Bouguerra, Tayeb"]
[Black "Jackson, Daniel"]
[Result "1/2-1/2"]
[WhiteElo "1906"]
[BlackElo "1657"]
[PlyCount "55"]
[EventDate "2014.??.??"]
[Source "Sylvain Rivier"]
[SourceDate "2014.07.26"]

1. d4 Nf6 2. Nc3 d5 3. e4 dxe4 4. f3 exf3 5. Nxf3 Bg4 6. h3 Bh5 7. g4 Bg6 8.
Ne5 e6 9. Bg2 c6 10. Nxg6 hxg6 11. O-O Be7 12. g5 Nh5 13. Ne4 Nd7 14. Be3 f5
15. gxf6 gxf6 16. Qg4 Nf8 17. Nc5 Qc8 18. Qf3 Rb8 19. Rad1 Kf7 20. c4 Bxc5 21.
dxc5 Nd7 22. Bd4 Qe8 23. b4 Qe7 24. h4 g5 25. Be3 Ne5 26. Qe4 Kg7 27. Bf2 Nf4 {
suite illisible} 28. Be3 1/2-1/2

[Event "22ème Open de Saint-Affrique"]
[Site "Saint Affrique (12)"]
[Date "2014.07.20"]
[Round "2.26"]
[White "Nguyen, Gael"]
[Black "Navarro, Robin"]
[Result "0-1"]
[WhiteElo "1670"]
[BlackElo "1906"]
[PlyCount "86"]
[EventDate "2014.??.??"]
[Source "Sylvain Rivier"]
[SourceDate "2014.07.26"]

1. d4 Nf6 2. c4 g6 3. Nc3 Bg7 4. e4 d6 5. Be2 b6 6. Nf3 Bb7 7. Qc2 c5 8. O-O
cxd4 9. Nxd4 O-O 10. Be3 Nbd7 11. Rac1 Ne5 12. h3 Rc8 13. b3 Ned7 14. Rcd1 a5
15. Ndb5 Ne8 16. Bg5 f6 17. Be3 Ne5 18. f4 Nc6 19. Nd5 Nb4 20. Qb1 Nxd5 21.
exd5 f5 22. Bf3 a4 23. Nd4 Bxd4 24. Bxd4 Ba6 25. Qb2 b5 26. Qe2 bxc4 27. Qe6+
Rf7 28. bxa4 Ra8 29. g4 Bc8 30. Qe3 Qa5 31. Rfe1 Qxa4 32. gxf5 Bxf5 33. Bg4 Qd7
34. Ra1 Bxg4 35. hxg4 Qxg4+ 36. Kh1 Qh5+ 37. Kg1 Qxd5 38. Bc3 Ng7 39. Rad1 Qh5
40. Qd4 Qg4+ 41. Kh1 Qxf4 42. Bb4 Qf3+ 43. Kg1 Rf5 0-1

[Event "22ème Open de Saint-Affrique"]
[Site "Saint Affrique (12)"]
[Date "2014.07.20"]
[Round "2.27"]
[White "Grosse, Ludovic"]
[Black "Lalot, Hugues"]
[Result "1/2-1/2"]
[WhiteElo "1903"]
[BlackElo "1573"]
[PlyCount "58"]
[EventDate "2014.??.??"]
[Source "Sylvain Rivier"]
[SourceDate "2014.07.26"]

1. d4 Nf6 2. c4 e5 3. dxe5 Ng4 4. Nf3 Bc5 5. e3 Nc6 6. Be2 O-O 7. O-O Ngxe5 8.
Nc3 Nxf3+ 9. Bxf3 Ne5 10. Ne4 Qe7 11. Nxc5 Qxc5 12. Be2 a5 13. b3 Ra6 14. Qd4
Qxd4 15. exd4 Ng6 16. Re1 Re6 17. Bd2 b6 18. Bf3 Rfe8 19. g3 Rxe1+ 20. Rxe1
Rxe1+ 21. Bxe1 d6 22. Bc3 Bf5 23. c5 Bb1 24. a3 Bc2 25. cxd6 cxd6 26. b4 a4 27.
b5 Ne7 28. g4 Nc8 29. Bb4 Na7 1/2-1/2

[Event "22ème Open de Saint-Affrique"]
[Site "Saint Affrique (12)"]
[Date "2014.07.20"]
[Round "2.28"]
[White "Sempe, Pierre"]
[Black "Penalver, Marion"]
[Result "0-1"]
[WhiteElo "1659"]
[BlackElo "1901"]
[PlyCount "52"]
[EventDate "2014.??.??"]
[Source "Sylvain Rivier"]
[SourceDate "2014.07.26"]

1. e4 c5 2. Nf3 e6 3. c3 Nf6 4. d3 d5 5. Bg5 dxe4 6. Bxf6 Qxf6 7. Qa4+ Bd7 8.
Qxe4 Bc6 9. Qe5 Be7 10. Be2 Nd7 11. Qg3 O-O 12. O-O Rfd8 13. Nbd2 Nf8 14. Ne4
Qf5 15. Nh4 Bxh4 16. Qxh4 Ng6 17. Qg4 Qxg4 18. Bxg4 f5 19. Bxf5 exf5 20. Nxc5
Nf4 21. d4 b6 22. Nb3 Bxg2 23. Rfe1 Re8 24. Re3 Bd5 25. Rae1 Kf7 26. Nd2 Nd3
0-1

[Event "22ème Open de Saint-Affrique"]
[Site "Saint Affrique (12)"]
[Date "2014.07.20"]
[Round "2.29"]
[White "Raynal, Adrien"]
[Black "Lazov, Stefan"]
[Result "0-1"]
[WhiteElo "1591"]
[BlackElo "1894"]
[PlyCount "54"]
[EventDate "2014.??.??"]
[Source "Sylvain Rivier"]
[SourceDate "2014.07.26"]

1. e4 c6 2. d4 d5 3. exd5 cxd5 4. c4 Nf6 5. Nf3 Nc6 6. Nc3 Bg4 7. Be3 e6 8. c5
Be7 9. Qb3 Qc8 10. Bb5 Nd7 11. h3 Bh5 12. O-O Bxf3 13. gxf3 O-O 14. Kh2 Qc7+
15. f4 Nf6 16. Rg1 Nxd4 17. Qd1 Nxb5 18. Nxb5 Qa5 19. Nd6 b6 20. Nb7 Qb5 21.
Qb3 Qd7 22. Nd6 bxc5 23. Bxc5 Bxd6 24. Bxd6 Qxd6 25. Qc3 Qxf4+ 26. Kh1 d4 27.
Qd3 Qe4+ 0-1

[Event "22ème Open de Saint-Affrique"]
[Site "Saint Affrique (12)"]
[Date "2014.07.20"]
[Round "2.30"]
[White "Aubry, Fabien"]
[Black "Degraeve, Remy"]
[Result "1-0"]
[WhiteElo "1884"]
[BlackElo "1537"]
[PlyCount "61"]
[EventDate "2014.??.??"]
[Source "Sylvain Rivier"]
[SourceDate "2014.07.26"]

1. d4 Nf6 2. Nf3 c5 3. d5 d6 4. Nc3 Bf5 5. h3 e6 6. dxe6 fxe6 7. Nh4 Be4 8.
Nxe4 Nxe4 9. Nf3 g6 10. Qd3 Qa5+ 11. c3 d5 12. Ng5 Nxg5 13. Bxg5 Bg7 14. h4 Nc6
15. Qe3 e5 16. Qh3 Nd4 17. O-O-O Nf5 18. e4 dxe4 19. Bc4 h6 20. Be3 Rf8 21. g4
Nxe3 22. Qxe3 Rf4 23. Bd5 O-O-O 24. Be6+ Kc7 25. Rxd8 Kxd8 26. Qd2+ Ke7 27.
Qd7+ Kf8 28. Qd6+ Ke8 29. Rd1 Bf6 30. Qd7+ Kf8 31. Qf7# 1-0

[Event "22ème Open de Saint-Affrique"]
[Site "Saint Affrique (12)"]
[Date "2014.07.20"]
[Round "2.31"]
[White "Cellier-Valencia, Baptiste"]
[Black "Lafitte, Luc"]
[Result "0-1"]
[WhiteElo "1347"]
[BlackElo "1867"]
[PlyCount "54"]
[EventDate "2014.??.??"]
[Source "Sylvain Rivier"]
[SourceDate "2014.07.26"]

1. d4 d5 2. Nf3 Nc6 3. c4 Bg4 4. cxd5 Bxf3 5. dxc6 Bxc6 6. Bf4 Nf6 7. Nc3 e6 8.
e3 Bb4 9. Qb3 Qe7 10. a3 Bxc3+ 11. bxc3 O-O 12. f3 Nd5 13. Bg3 Nxe3 14. Ke2 Nf5
15. Be1 Rad8 16. Kf2 e5 17. Bd3 Qg5 18. Qc2 Ne3 19. Bxh7+ Kh8 20. Qd3 exd4 21.
cxd4 Rfe8 22. Bd2 Qxg2+ 23. Ke1 Qxh1+ 24. Kf2 Qxh2+ 25. Ke1 Qg1+ 26. Ke2 Qg2+
27. Ke1 Qxf3 0-1

[Event "22ème Open de Saint-Affrique"]
[Site "Saint Affrique (12)"]
[Date "2014.07.20"]
[Round "2.32"]
[White "Cazottes, Guillaume"]
[Black "Gachon, Maxence"]
[Result "1-0"]
[WhiteElo "2014"]
[BlackElo "1442"]
[PlyCount "45"]
[EventDate "2014.??.??"]
[Source "Sylvain Rivier"]
[SourceDate "2014.07.26"]

1. e4 e6 2. d4 d5 3. e5 c5 4. c3 Nc6 5. Nf3 Qb6 6. a3 c4 7. Be2 f6 8. O-O fxe5
9. Nxe5 Nxe5 10. dxe5 Bc5 11. Nd2 Ne7 12. b4 Be3 13. fxe3 Qxe3+ 14. Kh1 Qxc3
15. Rb1 Qxe5 16. Bb2 c3 17. Nf3 Qe3 18. Bb5+ Nc6 19. Re1 Qb6 20. Bxc6+ bxc6 21.
Bxc3 O-O 22. Bd4 Qc7 23. Qc2 {suite illisible} 1-0

[Event "22ème Open de Saint-Affrique"]
[Site "Saint Affrique (12)"]
[Date "2014.07.20"]
[Round "2.33"]
[White "Durand, Joris"]
[Black "Billiar-Bourgy, Vincent"]
[Result "0-1"]
[WhiteElo "1330"]
[BlackElo "1959"]
[PlyCount "66"]
[EventDate "2014.??.??"]
[Source "Sylvain Rivier"]
[SourceDate "2014.07.26"]

1. e4 c5 2. Nf3 e6 3. Nc3 Nc6 4. d4 cxd4 5. Nxd4 a6 6. Nxc6 bxc6 7. Bd3 d5 8.
O-O Nf6 9. Bg5 Be7 10. e5 Nd7 11. Bxe7 Qxe7 12. Re1 O-O 13. Qf3 f6 14. exf6
Nxf6 15. Bf5 Ne4 16. Bxh7+ Kxh7 17. Qh3+ Kg8 18. Nxe4 dxe4 19. Rxe4 Qf6 20. Rf1
Qf5 21. Qh4 Rb8 22. b3 c5 23. c4 Bb7 24. Re3 Rf6 25. Rd3 Qxd3 26. Qg5 Rg6 27.
Qxg6 Qxg6 28. f3 Rd8 29. g3 Rd2 30. a4 Qc2 31. f4 Rg2+ 32. Kh1 Rxg3+ 33. Rf3
Bxf3# 0-1

[Event "22ème Open de Saint-Affrique"]
[Site "Saint Affrique (12)"]
[Date "2014.07.20"]
[Round "2.35"]
[White "Grimault, Stephanie"]
[Black "Hirschmann, Georges"]
[Result "0-1"]
[WhiteElo "1274"]
[BlackElo "1801"]
[PlyCount "100"]
[EventDate "2014.??.??"]
[Source "Sylvain Rivier"]
[SourceDate "2014.07.26"]

1. Nf3 d5 2. b3 Nf6 3. Bb2 c6 4. e3 Bg4 5. Be2 Nbd7 6. h3 Bh5 7. d4 e6 8. c4
Bb4+ 9. Bc3 Qa5 10. Qd3 Bg6 11. Qd1 Bxc3+ 12. Nxc3 Qxc3+ 13. Nd2 Ne4 14. Qc1
Qxd2+ 15. Qxd2 Nxd2 16. Kxd2 O-O 17. c5 e5 18. b4 a6 19. Rhd1 exd4 20. exd4
Rfe8 21. f4 Be4 22. g4 Nf8 23. f5 f6 24. Rg1 h6 25. a3 Re7 26. Rae1 Rae8 27.
Bd1 Nh7 28. h4 Kf7 29. g5 hxg5 30. Bh5+ Kf8 31. Bxe8 Rxe8 32. h5 Bxf5 33. Rxe8+
Kxe8 34. Rf1 Be4 35. Rf2 f5 36. Rh2 Kf7 37. Ke3 Nf6 38. Rh3 f4+ 39. Ke2 g4 40.
Rh4 Bf5 41. h6 g5 42. Rh2 g3 43. Rh1 g2 44. Rg1 Be4 45. Kf2 Kg6 46. Re1 Kxh6
47. Kg1 g4 48. Re2 f3 49. Rd2 g3 50. a4 b5 0-1

[Event "22ème Open de Saint-Affrique"]
[Site "Saint Affrique (12)"]
[Date "2014.07.20"]
[Round "2.36"]
[White "Del Valle, Julie"]
[Black "Vidal, Frederic"]
[Result "1-0"]
[WhiteElo "1530"]
[BlackElo "1749"]
[PlyCount "59"]
[EventDate "2014.??.??"]
[Source "Sylvain Rivier"]
[SourceDate "2014.07.26"]

1. d4 g6 2. e4 Bg7 3. c4 c5 4. Nf3 cxd4 5. Nxd4 Qb6 6. Nb3 d6 7. Be2 Nf6 8. Nc3
O-O 9. Be3 Qd8 10. O-O b6 11. Nd4 Bb7 12. f3 Na6 13. Nd5 Nc7 14. Rc1 Ne6 15.
Qd2 Nd7 16. Nxe6 fxe6 17. Nf4 Rxf4 18. Bxf4 e5 19. Be3 Nf6 20. Rfd1 Rc8 21. b4
Qe8 22. c5 bxc5 23. bxc5 Qa4 24. cxd6 Rxc1 25. Rxc1 exd6 26. Qxd6 Qa5 27. Qb8+
Bf8 28. Qxb7 Ne8 29. Bc4+ Kh8 30. Qf7 1-0

[Event "22ème Open de Saint-Affrique"]
[Site "Saint Affrique (12)"]
[Date "2014.07.20"]
[Round "2.37"]
[White "Salvador, Lucie"]
[Black "Duff, Rufus"]
[Result "0-1"]
[WhiteElo "1437"]
[BlackElo "2113"]
[PlyCount "82"]
[EventDate "2014.??.??"]
[Source "Sylvain Rivier"]
[SourceDate "2014.07.26"]

1. e4 c6 2. d4 d5 3. e5 c5 4. c3 Nc6 5. Bb5 Qb6 6. a4 e6 7. Nf3 a6 8. Bd3 Bd7
9. Bc2 cxd4 10. cxd4 Nb4 11. O-O Ne7 12. Nc3 Nxc2 13. Qxc2 Nc6 14. Rd1 Be7 15.
Ng5 Nxd4 16. Qd3 Nc6 17. Nf3 O-O 18. Be3 Qc7 19. Bf4 Nb4 20. Qb1 Rfc8 21. Bg5
Bc5 22. Bh4 h6 23. Qc1 Kh7 24. Qf4 f5 25. Ne2 Nc6 26. Ng3 Be8 27. Rac1 Ba7 28.
b4 Qb6 29. Rd2 Bg6 30. Rb2 Nd4 31. Rxc8 Rxc8 32. a5 Nxf3+ 33. gxf3 Qd4 34. Qxd4
Bxd4 35. Re2 f4 36. Nf1 Rc1 37. Rd2 Bc3 38. Ra2 Bd3 39. Ra3 Bxf1 40. Rxc3 Rxc3
41. Kxf1 g5 0-1

[Event "22ème Open de Saint-Affrique"]
[Site "Saint Affrique (12)"]
[Date "2014.07.20"]
[Round "2.38"]
[White "Julian, Stephane"]
[Black "Guerin, Tristan"]
[Result "1-0"]
[WhiteElo "2050"]
[BlackElo "1417"]
[PlyCount "64"]
[EventDate "2014.??.??"]
[Source "Sylvain Rivier"]
[SourceDate "2014.07.26"]

1. e4 c5 2. Nf3 d6 3. d4 cxd4 4. Nxd4 Nf6 5. Nc3 g6 6. Be2 Bg7 7. O-O O-O 8.
Be3 Nc6 9. Kh1 Bd7 10. f4 e5 11. Ndb5 a6 12. Nxd6 Ne8 13. Nxb7 Qc7 14. Nc5 Nf6
15. Nxd7 Nxd7 16. Nd5 Qd8 17. c3 Re8 18. f5 a5 19. fxg6 hxg6 20. Bg4 Nf8 21.
Bb6 Qg5 22. Qf3 Rec8 23. Qxf7+ Kh8 24. Qf3 Re8 25. Nc7 Rab8 26. Nxe8 Rxe8 27.
Rad1 Rb8 28. Be3 Qe7 29. b3 Qa3 30. Qh3+ Kg8 31. Be6+ Nxe6 32. Qxe6+ Kh8 1-0

[Event "22ème Open de Saint-Affrique"]
[Site "Saint Affrique (12)"]
[Date "2014.07.20"]
[Round "2.39"]
[White "Meyer, Bernard"]
[Black "Raynal, Francois"]
[Result "0-1"]
[WhiteElo "1397"]
[BlackElo "2008"]
[PlyCount "32"]
[EventDate "2014.??.??"]
[Source "Sylvain Rivier"]
[SourceDate "2014.07.26"]

1. d4 Nf6 2. c4 e5 3. dxe5 Ng4 4. e4 Nxe5 5. Nf3 Nbc6 6. Nxe5 Nxe5 7. f4 Ng6 8.
Be2 Bc5 9. Bh5 d6 10. Nc3 O-O 11. f5 Ne5 12. Qe2 Nc6 13. Bf3 Re8 14. g4 Qh4+
15. Kd1 Nd4 16. Qd2 c6 {suite illisible} 0-1

[Event "22ème Open de Saint-Affrique"]
[Site "Saint Affrique (12)"]
[Date "2014.07.20"]
[Round "2.40"]
[White "Lopez, Andre"]
[Black "Gaubert, Cedric"]
[Result "1-0"]
[WhiteElo "2003"]
[BlackElo "1384"]
[PlyCount "73"]
[EventDate "2014.??.??"]
[Source "Sylvain Rivier"]
[SourceDate "2014.07.26"]

1. d4 d5 2. c4 e6 3. Nc3 c6 4. Nf3 Bd6 5. Bg5 Nf6 6. e3 h6 7. Bh4 Nbd7 8. Rc1
Bb4 9. Bd3 Qa5 10. Qb3 dxc4 11. Bxc4 b5 12. Bxe6 Bxc3+ 13. Rxc3 Ne4 14. Bxf7+
Kf8 15. Be7+ Kxe7 16. Qe6+ Kd8 17. Qxe4 b4 18. Rb3 Qxa2 19. O-O Rf8 20. Bc4 Nb6
21. Qxc6 Nxc4 22. Qxc4 Ba6 23. Qd5+ Ke7 24. Re1 Rac8 25. Qe5+ Kf7 26. Rxb4 Rfe8
27. Qf4+ Kg8 28. h3 Qa5 29. d5 Rf8 30. Qd4 Rc4 31. Rxc4 Rxf3 32. gxf3 Qxe1+ 33.
Kg2 Bxc4 34. Qxc4 Qb1 35. d6+ Kf8 36. Qf4+ Ke8 37. Qe4+ 1-0

[Event "22ème Open de Saint-Affrique"]
[Site "Saint Affrique (12)"]
[Date "2014.07.20"]
[Round "2.41"]
[White "Criticos, Kris"]
[Black "Zachary, Bastian"]
[Result "1-0"]
[WhiteElo "1656"]
[BlackElo "1360"]
[PlyCount "84"]
[EventDate "2014.??.??"]
[Source "Sylvain Rivier"]
[SourceDate "2014.07.26"]

1. f4 d5 2. b3 Nf6 3. Nf3 g6 4. Bb2 Bg7 5. e3 O-O 6. Be2 Nc6 7. O-O Ne4 8. Bxg7
Kxg7 9. d3 Nd6 10. Qd2 f6 11. Nc3 Ne8 12. e4 dxe4 13. Nxe4 Bf5 14. Rad1 Nd6 15.
Nxd6 Qxd6 16. Nh4 Bd7 17. c3 f5 18. d4 Qf6 19. Nf3 e6 20. Rfe1 Ne7 21. Ne5 Rad8
22. Bc4 Bc8 23. Re3 c5 24. Rd3 cxd4 25. Rxd4 Rxd4 26. Qxd4 a6 27. a4 Ng8 28.
Qb6 g5 29. Nd7 Bxd7 30. Rxd7+ Kh8 31. Qxb7 Qg6 32. fxg5 h6 33. h4 f4 34. Qc7 f3
35. Qe5+ Nf6 36. g3 Qe4 37. Qxe4 Nxe4 38. g6 f2+ 39. Kg2 Re8 40. Bd3 Nc5 41.
Rh7+ Kg8 42. Bc2 e5 {suite illisible} 1-0

[Event "22ème Open de Saint-Affrique"]
[Site "Saint Affrique (12)"]
[Date "2014.07.20"]
[Round "2.42"]
[White "Boyd, Christopher"]
[Black "Guerzeder, Thomas"]
[Result "0-1"]
[WhiteElo "1367"]
[BlackElo "1652"]
[PlyCount "43"]
[EventDate "2014.??.??"]
[Source "Sylvain Rivier"]
[SourceDate "2014.07.26"]

1. c4 Nf6 2. g3 g6 3. Bg2 Bg7 4. Nc3 c6 5. e3 d5 6. cxd5 cxd5 7. d4 Nc6 8. Nge2
O-O 9. O-O Na5 10. b3 Bf5 11. h3 h5 12. Nf4 Be4 13. Nxe4 Nxe4 14. Qd3 Nf6 15.
Bd2 g5 16. Ne2 Nc6 17. Qf5 Bh6 18. e4 e6 19. Qf3 g4 20. Qc3 dxe4 21. Qe3 Bg7 {
suite illisible} 22. d5 0-1

[Event "22ème Open de Saint-Affrique"]
[Site "Saint Affrique (12)"]
[Date "2014.07.20"]
[Round "2.43"]
[White "Boulier, Rene"]
[Black "Achard-Rozan, Celian"]
[Result "1-0"]
[WhiteElo "1651"]
[BlackElo "1330"]
[PlyCount "101"]
[EventDate "2014.??.??"]
[Source "Sylvain Rivier"]
[SourceDate "2014.07.26"]

1. d4 Nf6 2. c4 e6 3. Nc3 Bb4 4. Bd2 O-O 5. Qc2 d5 6. e3 b6 7. a3 Bxc3 8. Bxc3
c5 9. dxc5 bxc5 10. Nf3 Nc6 11. cxd5 exd5 12. Bb5 Bd7 13. Bxc6 Bxc6 14. O-O Bb5
15. Rfd1 Rc8 16. a4 Ba6 17. Ng5 g6 18. Qd2 Bb7 19. Qe1 h6 20. Nh3 Re8 21. Qf1
Ne4 22. Be1 Qf6 23. f3 Ba6 24. Rd3 Bxd3 25. Qxd3 Nd6 26. Bc3 Qe6 27. Re1 Rb8
28. Nf4 Qf5 29. Qxd5 Qxd5 30. Nxd5 Kf8 31. e4 f5 32. e5 Nc4 33. e6 Nb6 34. Nf6
Re7 35. a5 Nc4 36. Nd7+ Rxd7 37. exd7 Rd8 38. Re6 Rxd7 39. Rxg6 Rd6 40. Bg7+
Kf7 41. Rxd6 Nxd6 42. Bxh6 Nc4 43. Bc1 Nxa5 44. g4 Kf6 45. h4 Nc4 46. h5 Ne5
47. g5+ Kg7 48. f4 Nd3 49. Be3 c4 50. Kf1 Nxb2 51. Bd4+ 1-0

[Event "22ème Open de Saint-Affrique"]
[Site "Saint Affrique (12)"]
[Date "2014.07.20"]
[Round "2.44"]
[White "Nguyen, Noam"]
[Black "Dubertrand, Bernard"]
[Result "0-1"]
[WhiteElo "1350"]
[BlackElo "1647"]
[PlyCount "94"]
[EventDate "2014.??.??"]
[Source "Sylvain Rivier"]
[SourceDate "2014.07.26"]

1. c4 e5 2. Nc3 Bc5 3. g3 Nf6 4. e3 c6 5. Bg2 O-O 6. d4 exd4 7. exd4 Bb6 8. Nf3
Re8+ 9. Be3 Ng4 10. O-O Nxe3 11. Qd3 Nxf1 12. Bxf1 Qf6 13. Ne4 Qg6 14. Re1 Rd8
15. Nh4 Qe6 16. Re3 g6 17. c5 Bc7 18. Nd6 Qf6 19. Rf3 Qe6 20. Re3 Qxa2 21. Re7
Bxd6 22. cxd6 Qd5 23. Bg2 Qxd6 24. Qe4 Qf6 25. Nf3 d5 26. Qe3 Kf8 27. Re5 Nd7
28. Rg5 Re8 29. Qa3+ Kg7 30. Rg4 c5 31. dxc5 Ne5 32. Rf4 Nxf3+ 33. Bxf3 Qe5 34.
Kg2 Bd7 35. Qb3 Bc6 36. Qc2 a5 37. b3 Rf8 38. Qd2 f5 39. Rd4 Rfd8 40. Be2 Re8
41. Bf3 Rad8 42. Rd3 Re6 43. Qxa5 Rde8 44. Re3 Qf6 45. Rd3 Qe5 46. Re3 Qd4 47.
Qc7+ R8e7 0-1

[Event "22ème Open de Saint-Affrique"]
[Site "Saint Affrique (12)"]
[Date "2014.07.20"]
[Round "2.45"]
[White "Libiszewski, Christian"]
[Black "Medard, Guillaume"]
[Result "1-0"]
[WhiteElo "1640"]
[BlackElo "1330"]
[PlyCount "63"]
[EventDate "2014.??.??"]
[Source "Sylvain Rivier"]
[SourceDate "2014.07.26"]

1. e4 e5 2. Nf3 Nc6 3. Bc4 Bc5 4. O-O Nf6 5. d3 d6 6. Bb3 Be6 7. c3 O-O 8. Nbd2
Bg4 9. Re1 Na5 10. Bc2 Qd7 11. b4 Bxf2+ 12. Kxf2 Bxf3 13. Nxf3 Nc6 14. Bg5 Ng4+
15. Kg1 h6 16. Bh4 f5 17. exf5 Rxf5 18. d4 Re8 19. Bxf5 Qxf5 20. dxe5 dxe5 21.
Bg3 e4 22. Nd4 Nxd4 23. Qxd4 e3 24. h3 Nf6 25. Rxe3 Rxe3 26. Qxe3 Nd5 27. Qf3
Qxf3 28. gxf3 Nxc3 29. Bxc7 Ne2+ 30. Kf2 Nd4 31. Rd1 Ne6 32. Bg3 1-0

[Event "22ème Open de Saint-Affrique"]
[Site "Saint Affrique (12)"]
[Date "2014.07.20"]
[Round "2.46"]
[White "Fabre, Jean-Michel"]
[Black "Blanchon, Pascal"]
[Result "1-0"]
[WhiteElo "1337"]
[BlackElo "1637"]
[PlyCount "59"]
[EventDate "2014.??.??"]
[Source "Sylvain Rivier"]
[SourceDate "2014.07.26"]

1. d4 Nf6 2. c4 g6 3. Nc3 d5 4. Nf3 Bg7 5. Bd2 O-O 6. cxd5 Nxd5 7. Qc1 Re8 8.
Bh6 Nxc3 9. bxc3 Bh8 10. h4 Nd7 11. h5 Nf6 12. hxg6 fxg6 13. Qf4 Qd5 14. Qg5
Qxg5 15. Nxg5 e6 16. e3 Ng4 17. Bc4 c6 18. Rh4 Nxh6 19. Rxh6 Re7 20. Kd2 Bf6
21. f4 b5 22. Bb3 a5 23. Rah1 Raa7 24. Bc2 Bxg5 25. fxg5 Rf7 26. Ke1 Rac7 27.
e4 a4 28. e5 c5 29. Bxg6 hxg6 30. Rh8+ 1-0

[Event "22ème Open de Saint-Affrique"]
[Site "Saint Affrique (12)"]
[Date "2014.07.20"]
[Round "2.47"]
[White "Bernard, Anthony"]
[Black "Grimault, Lou"]
[Result "0-1"]
[WhiteElo "1636"]
[BlackElo "1317"]
[PlyCount "50"]
[EventDate "2014.??.??"]
[Source "Sylvain Rivier"]
[SourceDate "2014.07.26"]

1. e4 e6 2. d4 d5 3. e5 c5 4. c3 Nc6 5. Nf3 f6 6. b3 Qb6 7. Bb2 cxd4 8. cxd4
fxe5 9. dxe5 Bc5 10. Qc2 Nge7 11. Nc3 O-O 12. a3 Nd4 13. Nxd4 Bxd4 14. Nd1 Bxb2
15. Nxb2 Ng6 16. Bd3 Bd7 17. Bxg6 hxg6 18. O-O Kh7 19. h4 Rf5 20. Nd3 Bb5 21.
Rfe1 Bxd3 22. Qxd3 Qxf2+ 23. Kh2 Qxh4+ 24. Kg1 Qf2+ 25. Kh1 Rh5+ 0-1

[Event "22ème Open de Saint-Affrique"]
[Site "Saint Affrique (12)"]
[Date "2014.07.20"]
[Round "2.48"]
[White "Combes, Angelino"]
[Black "Marie, Olivier"]
[Result "1/2-1/2"]
[WhiteElo "1318"]
[BlackElo "1633"]
[PlyCount "57"]
[EventDate "2014.??.??"]
[Source "Sylvain Rivier"]
[SourceDate "2014.07.26"]

1. e4 b6 2. Nc3 Ba6 3. Bxa6 Nxa6 4. d4 e6 5. Qd3 Qc8 6. Nge2 Nb4 7. Qd1 g6 8.
a3 Qa6 9. Bf4 Nc6 10. b4 Qc4 11. d5 Nce7 12. Qd4 Qxd4 13. Nxd4 Bg7 14. Nde2
exd5 15. exd5 Nf6 16. Rd1 Nh5 17. Nb5 O-O 18. Nxc7 Nxf4 19. Nxa8 Nxe2 20. Nxb6
Nf4 21. Nxd7 Bc3+ 22. Kf1 Rd8 23. Nc5 Nexd5 24. Ne4 Ne3+ 25. fxe3 Rxd1+ 26. Kf2
Rxh1 27. Nxc3 Ne6 28. h3 Rc1 29. Nb5 1/2-1/2

[Event "22ème Open de Saint-Affrique"]
[Site "Saint Affrique (12)"]
[Date "2014.07.20"]
[Round "2.49"]
[White "Esclafit, Pierre"]
[Black "Cellier-Valencia, Lucie"]
[Result "1-0"]
[WhiteElo "1629"]
[BlackElo "1312"]
[PlyCount "63"]
[EventDate "2014.??.??"]
[Source "Sylvain Rivier"]
[SourceDate "2014.07.26"]

1. d4 d5 2. Bf4 Nc6 3. Nf3 Nf6 4. e3 Bg4 5. Nbd2 a6 6. Be2 Bxf3 7. Nxf3 e6 8.
c3 Bd6 9. Bg3 O-O 10. Qc2 Na5 11. Bd3 Ne4 12. Bxe4 dxe4 13. Qxe4 Qf6 14. Ne5
Rfd8 15. b4 Nc6 16. Nxc6 bxc6 17. Qxc6 a5 18. b5 e5 19. a4 exd4 20. Bxd6 Qxd6
21. Qxd6 Rxd6 22. cxd4 Rg6 23. O-O Rd6 24. Rac1 Rd5 25. Rxc7 f6 26. b6 Rad8 27.
b7 Rb8 28. Rc8+ Rxc8 29. bxc8=Q+ Kf7 30. Qd7+ Kf8 31. Rc1 Kg8 32. Qe8# 1-0

[Event "22ème Open de Saint-Affrique"]
[Site "Saint Affrique (12)"]
[Date "2014.07.20"]
[Round "2.50"]
[White "Galy, Christian"]
[Black "Del Valle, Clemence"]
[Result "0-1"]
[WhiteElo "1314"]
[BlackElo "1627"]
[PlyCount "92"]
[EventDate "2014.??.??"]
[Source "Sylvain Rivier"]
[SourceDate "2014.07.26"]

1. d4 d5 2. e3 Nf6 3. Bd3 e6 4. f4 c5 5. c3 Nc6 6. Nf3 c4 7. Bc2 b5 8. Nbd2 a5
9. Ne5 Bd7 10. O-O b4 11. e4 Bd6 12. Nxc6 Bxc6 13. e5 Be7 14. exf6 Bxf6 15. Nf3
Qb6 16. Ne5 Bb7 17. Ba4+ Ke7 18. Nd7 Qc7 19. Nxf6 gxf6 20. Qh5 Rag8 21. Bd1 Rg7
22. Bf3 Bc8 23. Rf2 Bd7 24. Bd2 b3 25. axb3 cxb3 26. Be2 f5 27. Rc1 Qb7 28. c4
dxc4 29. Bc3 Rhg8 30. Qh4+ f6 31. Bf3 Rg6 32. Re2 R8g7 33. Qe1 Qc7 34. Bxa5
Qxf4 35. Qb4+ Kf7 36. Rf1 Qxd4+ 37. Rff2 Qh4 38. Qd6 Kg8 39. Bb4 h6 40. Qb8+
Kh7 41. Bd6 e5 42. Bd5 Rg4 43. Bf8 Rd4 44. Bxg7 Rd1+ 45. Rf1 Qd4+ 46. Ref2
Rxf1+ 0-1